Procesos y mejores prácticas para el manejo de los recursos energéticos eléctricos de la Universidad de Costa Rica

সংরক্ষণ করুন:
গ্রন্থ-পঞ্জীর বিবরন
প্রধান লেখক: Jiménez Fuentes, Jaime Ernesto, 1982-
অন্যান্য লেখক: Ramírez Rodríguez, Oldemar, 1974- Director de Proyecto Eléctrico
বিন্যাস: গ্রন্থ
ভাষা:Spanish
প্রকাশিত: [San José ], Costa Rica 2017
বিষয়গুলি:
ট্যাগগুলো: ট্যাগ যুক্ত করুন
কোনো ট্যাগ নেই, প্রথমজন হিসাবে ট্যাগ করুন!

MARC

LEADER 00000nam a22000007a 4500
003 012674
005 20231129142639.0
008 171003b2017 cr a|||| m||| 00| ||spa d
040 |c cru CEDI 
090 |a TFG 7825 
100 |a Jiménez Fuentes, Jaime Ernesto, 1982-  |9 1925 
245 |a Procesos y mejores prácticas para el manejo de los recursos energéticos eléctricos de la Universidad de Costa Rica 
260 |a [San José ], Costa Rica  |c 2017 
300 |a xiv, 91 hojas ; ilustraciones  
500 |a "IE-0499 Proyecto eléctrico”, Proyecto de graduación (bachillerato en ingeniería eléctrica)--Universidad de Costa Rica. Facultad de Ingeniería. Escuela de Ingeniería Eléctrica 
501 |a Profesor Guía de IE-0499 Proyecto Eléctrico: Ing. Oldemar Ramírez Rodríguez 
610 0 |a Universidad de Costa Rica. Facultad de Ciencias Sociales  |9 1926 
650 |x EDIFICIOS UNIVERSITARIOS - CONSUMO DE ENERGIA - EVALUACION  |x CONTADORES ELECTRICOS   |x CONSERVACION DE LA ENERGIA   |x CONSUMO DE ENERGIA ELECTRICA   |x ENERGIA ELECTRICA - ADMINISTRACION   |9 10025 
700 |a  Ramírez Rodríguez, Oldemar, 1974-  |d Director de Proyecto Eléctrico   |9 1891 
942 |c TFG  |h TFG 7825  |i 012674  |6 TFG_7825_012674000000000 
999 |c 19065  |d 19065